[Event "VIII Torneo Int. Ciudad de Las Palmas"]
[Site "Las Palmas"]
[Date "1979.08.01"]
[Round "1"]
[White "Csom, Istvan"]
[Black "Betancort Curbelo, Juan Rafael"]
[Result "1-0"]
[WhiteElo "2510"]
[BlackElo "2350"]
[Annotator "E. Solana"]
[PlyCount "90"]
[EventDate "1979.??.??"]

{Agradecemos a Juan Carlos Sanz Menéndez la recuperación de los extraviados
boletines del VIII Torneo Internacional Ciudad de Las Palmas. A Jesús Remis
Fernández, por su generosa transcripción de las partidas al formato ChessBase,
agradecimiento que hacemos extensivo a todo el Grupo de Historia del Ajedrez
Español, en Facebook, por su constante colaboración.} 1. c4 {Por la necesaria
retirada de Augusto Menvielle debido a problemas de salud (operación de
apendicitis), se le sustituyó urgentemente por Betancort, y se repitieron las
partidas de las dos primeras rondas (contra Csom y Domínguez). Menvielle no
llegó a enfrentarse con Ivkov en la tercera ronda, por indisposición de
Augusto (la partida fue inicialmente pospuesta). No hemos encontrado en el
boletín la correspondiente partida entre Ivkov y Betancort, disputada el 9 de
agosto según El Eco de Canarias, aunque consta que ganó Ivkov. Betancort
obtuvo los mismos resultados que Menvielle (derrota contra Csom y tablas
contra Domínguez). La partida Csom - Betancort se disputó en el día de
descanso posterior a la sexta ronda (día 1 de agosto). Fuente para las fechas
y resto de datos: periódico El Eco de Canarias (Hemeroteca digital Jable).
Fuente para el Elo de los jugadores: Revista Jaque y OlimpBase.} c5 2. Nf3 Nc6
3. g3 g6 4. Bg2 Bg7 5. O-O e6 6. d3 Nge7 7. Nbd2 d5 8. a3 O-O 9. Rb1 b6 10. b4
cxb4 11. axb4 a5 12. bxa5 bxa5 13. Ba3 Re8 14. Qc2 Bd7 15. Rfc1 Rb8 16. Nb3 Nf5
17. Nc5 Rxb1 18. Rxb1 Ncd4 19. Nxd4 Nxd4 20. Qd1 dxc4 21. dxc4 Bc6 22. Bxc6
Nxc6 23. Qa4 Qa8 24. Nb7 Nd4 25. Kf1 Rb8 26. Bd6 Rc8 27. Qxa5 Qxa5 28. Nxa5 Nf5
29. c5 Bf8 30. Nb7 Rc6 31. Rd1 Rc8 32. e4 Ne7 33. Ra1 Nc6 34. Ra6 f6 35. Ke2
Bg7 36. f4 h5 37. Na5 Nd4+ 38. Kd3 e5 39. Kc4 g5 40. fxg5 fxg5 41. Rb6 Ra8 42.
Rb8+ Rxb8 43. Bxb8 Kf7 44. Kd5 Nf3 45. c6 Ke8 1-0

[Event "VIII Torneo Int. Ciudad de Las Palmas"]
[Site "Las Palmas"]
[Date "1979.07.25"]
[Round "1"]
[White "Fernandez Garcia, Jose Luis"]
[Black "Sanz Alonso, Francisco Javier"]
[Result "1/2-1/2"]
[WhiteElo "2340"]
[BlackElo "2390"]
[PlyCount "42"]
[EventDate "1979.??.??"]

1. e4 e5 2. Nf3 Nc6 3. Bc4 Nf6 4. d4 exd4 5. O-O Bc5 6. e5 d5 7. exf6 dxc4 8.
Re1+ Be6 9. fxg7 Rg8 10. Bg5 Be7 11. Bxe7 Kxe7 12. Qd2 Rxg7 13. Qf4 Qd6 14.
Qh4+ Kd7 15. Nbd2 Rd8 16. b4 cxb3 17. axb3 Kc8 18. Ne4 Qd5 19. Ng3 a6 20. Rad1
Qc5 21. Qh6 Rdg8 1/2-1/2

[Event "VIII Torneo Int. Ciudad de Las Palmas"]
[Site "Las Palmas"]
[Date "1979.07.25"]
[Round "1"]
[White "Ivkov, Borislav"]
[Black "Garcia Gonzales, Guillermo"]
[Result "1/2-1/2"]
[WhiteElo "2525"]
[BlackElo "2490"]
[Annotator "Ivkov,B"]
[PlyCount "98"]
[EventDate "1979.??.??"]

{Inf 28/194} 1. d4 Nf6 2. c4 e6 3. Nf3 c5 4. e3 $5 d5 5. Nc3 cxd4 6. exd4 Bb4
7. cxd5 Nxd5 (7... exd5 $5 {- 24/205}) 8. Bd2 (8. Qc2 {- 28/(194)}) 8... O-O 9.
Bd3 Be7 10. Nxd5 Qxd5 11. Qc2 $14 h6 12. Bh7+ Kh8 13. Be4 Qd6 14. a3 Nc6 15.
Bc3 Bd7 16. Rd1 f5 $5 17. d5 (17. Bd3) 17... exd5 18. Bxd5 Bf6 19. O-O Qc5 20.
Ba2 Bxc3 21. Rxd7 Nd4 $1 22. Nxd4 Bxd4 23. Qxc5 Bxc5 24. b4 Bb6 25. Rxb7 $16
Rad8 26. Bf7 Rd4 27. g3 Kh7 28. Kg2 Rc8 29. Be6 $138 Rf8 $138 30. Bf7 Rc8 31.
h4 h5 $5 32. Be6 Rf8 33. Rd7 $6 Rf6 34. Rxd4 Bxd4 35. Bd5 Rd6 $14 36. Bf3 Bb2
37. Rb1 Rd2 $1 38. Bxh5 g6 39. Bf3 Bd4 40. Rb3 Rxf2+ 41. Kh3 Rd2 $11 42. a4 Rb2
43. Rxb2 Bxb2 44. b5 Bc3 45. Bc6 Kg7 46. Be8 Kf6 47. Kg2 Be1 48. Kf3 Kg7 49.
Kf4 Kf6 1/2-1/2

[Event "VIII Torneo Int. Ciudad de Las Palmas"]
[Site "Las Palmas"]
[Date "1979.07.25"]
[Round "1"]
[White "Rivas Pastor, Manuel"]
[Black "Dominguez Sanz, Juan Pedro"]
[Result "1-0"]
[WhiteElo "2365"]
[BlackElo "2275"]
[Annotator "E. Solana"]
[PlyCount "81"]
[EventDate "1979.??.??"]

{La partida estaba mal transcrita en el BoletÃ^^n y fue gentilmente
"interpretada" por JesÃ_|s Remis (Grupo de Historia del Ajedrez EspaÃ+/-ol, en
Facebook).} 1. d4 Nf6 2. Nf3 e6 3. c4 c5 4. Nc3 b6 5. d5 exd5 6. cxd5 d6 7. e4
g6 8. Bg5 Bg7 9. Bb5+ Bd7 10. Be2 O-O 11. Nd2 h6 12. Bf4 Ne8 13. O-O Bc8 14.
Nc4 Ba6 15. a4 Bxc4 16. Bxc4 a6 17. Qd2 Kh7 18. Rab1 Nd7 19. b4 g5 20. Be3 cxb4
21. Ne2 a5 22. Ng3 Nef6 23. f3 Ng8 24. h4 Bc3 25. Qe2 Ne5 26. Bb5 Ng6 27. hxg5
hxg5 28. Kf2 Nh4 29. Rh1 Nh6 30. Bd3 Be5 31. Nh5 Ng6 32. g3 Bf6 33. f4 Rh8 34.
Rh2 Kg8 35. Rbh1 Nf8 36. Kg2 gxf4 37. gxf4 Nd7 38. Kf3 Kf8 39. Bb5 Bc3 40. Ng3
Bg7 41. Nf5 1-0

[Event "VIII Torneo Int. Ciudad de Las Palmas"]
[Site "Las Palmas"]
[Date "1979.07.25"]
[Round "1"]
[White "Rodriguez Vargas, Orestes"]
[Black "Bellon Lopez, Juan Manuel"]
[Result "1/2-1/2"]
[WhiteElo "2495"]
[BlackElo "2395"]
[PlyCount "37"]
[EventDate "1979.??.??"]

1. e4 e5 2. Nf3 d6 3. d4 exd4 4. Nxd4 g6 5. Nc3 Bg7 6. Be2 Nc6 7. Be3 Nf6 8.
O-O O-O 9. Nf3 Re8 10. Nd2 d5 11. exd5 Nb4 12. Nb3 Nfxd5 13. Nxd5 Nxd5 14. Bd4
Nf4 15. Bf3 Bf5 16. Bxg7 Kxg7 17. Qd4+ Qxd4 18. Nxd4 Be4 19. Rfe1 1/2-1/2

[Event "VIII Torneo Int. Ciudad de Las Palmas"]
[Site "Las Palmas"]
[Date "1979.07.25"]
[Round "1"]
[White "Suba, Mihai"]
[Black "Garriga Nualart, Josep"]
[Result "1-0"]
[WhiteElo "2435"]
[BlackElo "2300"]
[PlyCount "41"]
[EventDate "1979.??.??"]

1. c4 g6 2. Nc3 Bg7 3. d4 c5 4. d5 d6 5. e4 Na6 6. h3 Nf6 7. Bg5 O-O 8. Bd3 Qa5
9. Nf3 Nb4 10. Be2 Nxe4 11. Nxe4 Bxb2 12. O-O Bxa1 13. Qxa1 f6 14. Bxf6 Bf5 15.
Bh8 Rf7 16. Neg5 Qxa2 17. Qc3 Qc2 18. Qe3 Raf8 19. Nxf7 Kxf7 20. Ng5+ Ke8 21.
Bg7 1-0

[Event "VIII Torneo Int. Ciudad de Las Palmas"]
[Site "Las Palmas"]
[Date "1979.07.25"]
[Round "1"]
[White "Tatai, Stefano"]
[Black "Garcia Padron, Jose"]
[Result "1/2-1/2"]
[WhiteElo "2475"]
[BlackElo "2400"]
[PlyCount "43"]
[EventDate "1979.??.??"]

1. d4 d5 2. c4 e6 3. Nc3 c5 4. cxd5 exd5 5. Nf3 Nf6 6. g3 Be7 7. Bg2 Nc6 8. O-O
O-O 9. Bg5 Be6 10. dxc5 Bxc5 11. Na4 Be7 12. Nd4 Nxd4 13. Qxd4 h6 14. Be3 b6
15. Qd1 Qd7 16. Nc3 Rac8 17. Bd4 Rfd8 18. Rc1 Ne4 19. e3 Bg5 20. f3 Nxc3 21.
Rxc3 Bf5 22. Rf2 1/2-1/2

[Event "VIII Torneo Int. Ciudad de Las Palmas"]
[Site "Las Palmas"]
[Date "1979.07.25"]
[Round "1"]
[White "Vaganian, Rafael"]
[Black "Geller, Efim P"]
[Result "1/2-1/2"]
[WhiteElo "2570"]
[BlackElo "2550"]
[PlyCount "20"]
[EventDate "1979.??.??"]

1. c4 e6 2. Nf3 Nf6 3. g3 b6 4. Bg2 Bb7 5. O-O Be7 6. d4 O-O 7. Nc3 Ne4 8. Nxe4
Bxe4 9. Ne1 Bxg2 10. Nxg2 d6 1/2-1/2

[Event "VIII Torneo Int. Ciudad de Las Palmas"]
[Site "Las Palmas"]
[Date "1979.07.26"]
[Round "2"]
[White "Bellon Lopez, Juan Manuel"]
[Black "Fernandez Garcia, Jose Luis"]
[Result "1-0"]
[WhiteElo "2395"]
[BlackElo "2340"]
[PlyCount "89"]
[EventDate "1979.??.??"]

1. Nf3 d5 2. b3 g6 3. Bb2 Nf6 4. d3 Bg7 5. Nbd2 c6 6. c4 Bg4 7. Ne5 Qb6 8. Qc2
O-O 9. e3 Nbd7 10. h3 Be6 11. Be2 Nxe5 12. Bxe5 Ne8 13. c5 Qd8 14. Qb2 Qc7 15.
Bxg7 Nxg7 16. g4 Bd7 17. f4 b6 18. cxb6 Qxb6 19. d4 c5 20. Nf3 Rac8 21. Rd1 a5
22. Kf2 Bb5 23. dxc5 Rxc5 24. Bxb5 Qxb5 25. Nd4 Qb6 26. Rc1 Rfc8 27. Rxc5 Qxc5
28. Ne2 Qa7 29. Rc1 Rxc1 30. Qxc1 Ne6 31. Qc6 d4 32. exd4 Nxd4 33. Qc8+ Kg7 34.
Qc3 e5 35. Qe3 Nc6 36. Qxa7 Nxa7 37. fxe5 Nc6 38. Ke3 Nxe5 39. Ke4 Kf6 40. g5+
Ke6 41. Nd4+ Kd6 42. Nb5+ Ke6 43. Nc7+ Kd6 44. Ne8+ Ke6 45. Nf6 1-0

[Event "VIII Torneo Int. Ciudad de Las Palmas"]
[Site "Las Palmas"]
[Date "1979.08.??"]
[Round "2"]
[White "Betancort Curbelo, Juan Rafael"]
[Black "Dominguez Sanz, Juan Pedro"]
[Result "1/2-1/2"]
[WhiteElo "2350"]
[BlackElo "2275"]
[Annotator "E. Solana"]
[PlyCount "36"]
[EventDate "1979.??.??"]

{Debido a la obligatoria retirada de Menvielle, Domínguez vuelve a disputar la
segunda ronda, esta vez contra Betancort. No nos consta el día en que se
disputó la partida.} 1. e4 g6 2. d4 Bg7 3. Nc3 d6 4. Nf3 Nf6 5. Be2 O-O 6. O-O
c6 7. a4 a5 8. h3 Na6 9. Be3 Nb4 10. Qd2 Qc7 11. Rad1 Re8 12. Rfe1 Bd7 13. e5
Nfd5 14. Nxd5 cxd5 15. c3 Nc6 16. exd6 exd6 17. Bh6 Nd8 18. Bxg7 Kxg7 1/2-1/2

[Event "VIII Torneo Int. Ciudad de Las Palmas"]
[Site "Las Palmas"]
[Date "1979.07.26"]
[Round "2"]
[White "Csom, Istvan"]
[Black "Ivkov, Borislav"]
[Result "1/2-1/2"]
[WhiteElo "2510"]
[BlackElo "2525"]
[PlyCount "53"]
[EventDate "1979.??.??"]

1. c4 c6 2. d4 d5 3. cxd5 cxd5 4. Nc3 Nf6 5. Bf4 Nc6 6. e3 e6 7. Bd3 Bd6 8.
Bxd6 Qxd6 9. f4 Bd7 10. Nf3 Nb4 11. Bb1 Ng4 12. Qd2 f5 13. O-O O-O 14. h3 Nf6
15. Ne5 Rad8 16. Rc1 Rc8 17. a3 Nc6 18. b4 Qe7 19. Bd3 a6 20. Ra2 Ne8 21. Nxd7
Qxd7 22. Na4 Rc7 23. Nc5 Qc8 24. a4 Nb8 25. a5 Nd6 26. Rac2 Rff7 27. Na4
1/2-1/2

[Event "VIII Torneo Int. Ciudad de Las Palmas"]
[Site "Las Palmas"]
[Date "1979.07.26"]
[Round "2"]
[White "Garcia Gonzales, Guillermo"]
[Black "Rodriguez Vargas, Orestes"]
[Result "1-0"]
[WhiteElo "2490"]
[BlackElo "2495"]
[PlyCount "115"]
[EventDate "1979.??.??"]

1. d4 d5 2. c4 dxc4 3. Nf3 Nf6 4. e3 Bg4 5. Bxc4 e6 6. O-O a6 7. h3 Bh5 8. Be2
Nc6 9. b3 Bd6 10. Bb2 Bg6 11. Nbd2 Qe7 12. Nc4 Rd8 13. Qc1 O-O 14. Nfe5 Bxe5
15. Nxe5 Nb4 16. a3 Nbd5 17. Nxg6 fxg6 18. Qc2 g5 19. Rac1 Qf7 20. g3 c6 21. e4
Ne7 22. Bf3 Qg6 23. Qe2 h5 24. Bg2 Rf7 25. Qe3 Rdf8 26. Rc5 Nh7 27. Qe2 Kh8 28.
Bc1 Ng8 29. f4 h4 30. Rc3 Qf6 31. Qc4 Qd8 32. d5 exd5 33. exd5 hxg3 34. dxc6
bxc6 35. Rxg3 gxf4 36. Rxf4 Rxf4 37. Bxf4 Qf6 38. Rf3 Qa1+ 39. Kh2 Qxa3 40. Rg3
Qe7 41. Bd2 Qc7 42. Bc3 Ngf6 43. Qxc6 Qxc6 44. Bxc6 Rc8 45. Bb7 Rb8 46. Bd5 Nf8
47. Bc4 N8d7 48. Rf3 Ra8 49. Rf4 Kh7 50. Bf7 g5 51. Rf5 Rf8 52. Bc4 Kg6 53. Bd3
Kh6 54. Ra5 Nb8 55. Bf5 Nh5 56. Rd5 Nf6 57. Rd6 Kg7 58. b4 1-0

[Event "VIII Torneo Int. Ciudad de Las Palmas"]
[Site "Las Palmas"]
[Date "1979.07.26"]
[Round "2"]
[White "Garcia Padron, Jose"]
[Black "Suba, Mihai"]
[Result "0-1"]
[WhiteElo "2400"]
[BlackElo "2435"]
[Annotator "Neil McDonald"]
[PlyCount "82"]
[EventDate "1979.??.??"]

1. c4 c5 2. Nf3 Nf6 3. g3 b6 4. Bg2 Bb7 5. O-O e6 6. Nc3 Be7 ({
Writing in his excellent book 'Dynamic Chess Strategy', Suba describes} 6... a6
{as "most elastic" here. However, White can then avoid the Hedgehog with} 7. b3
Be7 8. Bb2 O-O 9. e3 $5 {
with the aim of proving that 6...a6 is an irrelevant move.}) 7. d4 ({
Here White could have played the 'modern'} 7. Re1 d6 8. e4 a6 9. d4 cxd4 10.
Nxd4 {as in Psakhis-Hovmoller later on, when he reaches a similar position to
the game but with a knight on d4 rather than the queen. That is probably a
better way for White to play.}) 7... cxd4 8. Qxd4 d6 9. e4 ({
A more direct approach than} 9. b3 {.}) 9... a6 {As White hasn't played b2-b3
there is as yet no threat of Ba3. Hence this nudge of the pawn, which prevents
Nb5, is okay here.} 10. b3 Nbd7 11. Bb2 O-O 12. Rac1 Qb8 ({
Suba suggested the better deployment was} 12... Qc7 {followed by ...Rac8 and ..
.Qb8, when Black can keep the other rook for action in the centre -
particularly for the purpose of harassing the white queen with possible
discovered attacks after the centre has been opened.}) 13. Nd2 Rc8 14. h3 Bf8 {
There begins a long manoeuvring phase, with White unable to find any forceful
plan. He simply moves his pieces around. No real damage is done to his
position as Black also manoeuvres quietly. Nevertheless Black's manoeuvres
seem slightly more purposeful as he gets his bishop to a nice square on g7.}
15. Rfd1 {Black has moved all his heavy pieces away from the kingside so it
would be logical for White to begin an attack there. But how? Certainly not by
playing a routine centralizing move such as this, which takes the rook away
from the 'attacking' f1-square!} ({The immediate} 15. f4 $2 {allows} d5 $1 {
, a thematic response which is tremendous here as} 16. cxd5 $4 Bc5 {
Bc5 drops the queen.}) ({Another pawn thrust is} 15. g4 {, but} g6 {
is safe enough as} 16. g5 e5 (16... Nh5 {might be even stronger}) 17. Qe3 Nh5 {
leaves the black knight pointing at the f4-square.}) ({So perhaps} 15. Kh1 {
was the best idea, getting the king out of the potential pin, when} Bc6 16. f4
{begins an attack.}) 15... Bc6 16. Qe3 Ra7 17. Nf3 Ba8 18. Nd4 Re8 19. Qd2 g6
20. Kh2 Bg7 21. Nde2 $2 {After a series of insipid but undamaging moves White
finally cracks and plays a move which is insipid and bad! Under no
circumstances should he have let Black advance the b-pawn.} ({
He had to carry on marking time, for example with} 21. Re1 {
. Of course it is psychologically very difficult to continue to do nothing.})
21... b5 $1 {After waiting patiently throughout the tiresome manoeuvring phase,
Suba pounces on White's mistake.} 22. cxb5 axb5 {By liquidating the c4-pawn
Black has lessened his opponent's grip on d5, which clears the way for a
second, even more powerful pawn break with ...d6-d5. This second pawn break
will be abetted by ...b5-b4, which drives the knight from c3 and so weakens
White's control of d5 and e4. As a final bonus, the rook on a7 suddenly finds
itself in possession of an open file, aiming at the a2-pawn.} 23. f3 {
This is an ugly move as it weakens the dark squares and makes the bishop on g2
look feeble. However, he had to deal with the threat of 23...b4, winning the
e4-pawn. TIP: It is a sure sign that something has gone wrong for White in a
King's Indian type set-up if he has to play both f2-f3 and h2-h3.} b4 24. Na4
d5 {Suba remarks with silent glee that White's whole strategy has been geared
to preventing ...b7-b5 and ...d6-d5, yet he has still been unable to prevent
either of these advances. It just shows what a difficult opening the Hedgehog
is.} 25. exd5 Bxd5 26. Nd4 Ra6 27. Qf2 Nh5 (27... Nh5 {
looks strong, as there is the threat of} 28. -- Nxg3 $1 29. Qxg3 Be5) ({
but after the game Suba says he should have played} 27... e5 {followed by 28...
e4. TIP: Don't play for traps - unless they are brilliant, such as the one
Suba sets in this game!}) 28. f4 Ndf6 29. Nc6 Qb7 30. Ne5 Raa8 31. Nc5 Qb8 32.
g4 $2 {
White falls for the trap. It looks like he has found a winning combination...}
Nxf4 $1 33. Qxf4 Rxa2 34. Rc2 ({
Only now does White realize that the forced mate he had prepared is a mirage:} 
34. Ncd7 Nxd7 35. Qxf7+ Kh8 {, planning 36 Nxg6+ hxg6 37 Qxg7 mate, doesn't
work because the knight on e5 is pinned by the queen! The rest is a carve up.})
34... Rxb2 $1 35. Rxb2 Nxg4+ 36. Qxg4 {Fleetingly things look very healthy for
White, a rook and a knight up, but now comes retribution on the dark squares.}
Qxe5+ 37. Kh1 Qxb2 38. Bxd5 exd5 39. Qd7 Re2 40. Qd8+ Bf8 41. Qb8 Qc2 0-1

[Event "VIII Torneo Int. Ciudad de Las Palmas"]
[Site "Las Palmas"]
[Date "1979.07.26"]
[Round "2"]
[White "Garriga Nualart, Josep"]
[Black "Vaganian, Rafael"]
[Result "1/2-1/2"]
[WhiteElo "2300"]
[BlackElo "2570"]
[PlyCount "62"]
[EventDate "1979.??.??"]

1. c4 Nf6 2. Nc3 d5 3. cxd5 Nxd5 4. g3 Nxc3 5. bxc3 g6 6. Bg2 Bg7 7. Rb1 Nd7 8.
Nf3 O-O 9. O-O Nb6 10. Qc2 Bd7 11. d4 c5 12. Ne5 Bf5 13. e4 Be6 14. d5 Bxd5 15.
Nxg6 Bxa2 16. Nxe7+ Qxe7 17. Qxa2 Bxc3 18. Bf4 Be5 19. Be3 Rfc8 20. Bh3 Rc6 21.
Rfd1 a6 22. Rbc1 Rd8 23. Rxd8+ Qxd8 24. Rxc5 Qd1+ 25. Kg2 Rxc5 26. Bxc5 Na4 27.
Be3 b5 28. Be6 Qh5 29. Bf5 Qd1 30. Be6 Qh5 31. Bf5 Qd1 1/2-1/2

[Event "VIII Torneo Int. Ciudad de Las Palmas"]
[Site "Las Palmas"]
[Date "1979.07.26"]
[Round "2"]
[White "Geller, Efim P"]
[Black "Rivas Pastor, Manuel"]
[Result "1-0"]
[WhiteElo "2550"]
[BlackElo "2365"]
[PlyCount "47"]
[EventDate "1979.??.??"]

1. Nf3 Nf6 2. c4 c5 3. Nc3 Nc6 4. d4 cxd4 5. Nxd4 e6 6. g3 d5 7. Bg2 Be7 8. O-O
O-O 9. cxd5 exd5 10. Be3 Ne5 11. Qb3 Nc4 12. Bg5 Na5 13. Qc2 h6 14. Bxf6 Bxf6
15. Rad1 Nc6 16. Nb3 d4 17. e3 Nb4 18. Qb1 d3 19. a3 Bxc3 20. bxc3 Nc2 21. Nd4
Qe7 22. Rxd3 Nxa3 23. Qb3 Qc5 24. c4 1-0

[Event "VIII Torneo Int. Ciudad de Las Palmas"]
[Site "Las Palmas"]
[Date "1979.07.26"]
[Round "2"]
[White "Sanz Alonso, Francisco Javier"]
[Black "Tatai, Stefano"]
[Result "1/2-1/2"]
[WhiteElo "2390"]
[BlackElo "2475"]
[PlyCount "92"]
[EventDate "1979.??.??"]

1. e4 e5 2. Nc3 Nc6 3. g3 Bc5 4. Bg2 h5 5. h3 h4 6. g4 Nd4 7. Nf3 Nxf3+ 8. Bxf3
c6 9. O-O Be7 10. d4 d6 11. Bg2 g5 12. a4 a5 13. Be3 f6 14. Qe2 Be6 15. Rfd1
Qc7 16. Nb1 Nh6 17. Na3 Nf7 18. Nc4 O-O 19. d5 Bd7 20. Bb6 Qb8 21. Bxa5 Be8 22.
b3 b5 23. axb5 Qxb5 24. Bc3 Bd7 25. Qe1 c5 26. Bf1 Qb7 27. Ne3 Rfb8 28. Rxa8
Rxa8 29. Ra1 Nh8 30. Rxa8+ Qxa8 31. b4 cxb4 32. Bxb4 Ng6 33. Qc3 Qb8 34. Ba5
Kf8 35. Qc7 Qxc7 36. Bxc7 Nh8 37. Nc4 Nf7 38. Nb6 Ke8 39. Nxd7 Kxd7 40. Bb6 Bd8
41. Bb5+ Ke7 42. Be3 Ba5 43. Kf1 Nh8 44. Ke2 Ng6 45. Kd1 Nf4 46. Bf1 Kd7
1/2-1/2

[Event "VIII Torneo Int. Ciudad de Las Palmas"]
[Site "Las Palmas"]
[Date "1979.07.27"]
[Round "3"]
[White "Dominguez Sanz, Juan Pedro"]
[Black "Geller, Efim P"]
[Result "1/2-1/2"]
[WhiteElo "2275"]
[BlackElo "2550"]
[PlyCount "41"]
[EventDate "1979.??.??"]

1. e4 c5 2. Nf3 d6 3. d4 cxd4 4. Nxd4 Nf6 5. Nc3 Nc6 6. Nb3 g6 7. Be2 Bg7 8.
Be3 O-O 9. Qd2 a5 10. a4 Be6 11. O-O Rc8 12. f4 Nb4 13. Bf3 Nd7 14. Nd4 Bc4 15.
Rfd1 e5 16. Ndb5 Bxb5 17. axb5 Nb6 18. Be2 exf4 19. Bxf4 d5 20. Bg5 f6 21. Be3
1/2-1/2

[Event "VIII Torneo Int. Ciudad de Las Palmas"]
[Site "Las Palmas"]
[Date "1979.07.27"]
[Round "3"]
[White "Fernandez Garcia, Jose Luis"]
[Black "Garcia Gonzales, Guillermo"]
[Result "1/2-1/2"]
[WhiteElo "2340"]
[BlackElo "2490"]
[PlyCount "33"]
[EventDate "1979.??.??"]

1. e4 c5 2. Nf3 e6 3. d4 cxd4 4. Nxd4 Nc6 5. Nb5 d6 6. Bf4 e5 7. Be3 h6 8. N1c3
Nf6 9. Nd5 Nxd5 10. exd5 Nb8 11. c4 a6 12. Qa4 Bd7 13. Qa3 Bf5 14. c5 Nd7 15.
Nxd6+ Bxd6 16. cxd6 O-O 17. Be2 1/2-1/2

[Event "VIII Torneo Int. Ciudad de Las Palmas"]
[Site "Las Palmas"]
[Date "1979.07.27"]
[Round "3"]
[White "Rivas Pastor, Manuel"]
[Black "Garriga Nualart, Josep"]
[Result "1-0"]
[WhiteElo "2365"]
[BlackElo "2300"]
[Annotator "E. Solana"]
[PlyCount "53"]
[EventDate "1979.??.??"]

1. d4 Nf6 2. Nf3 g6 3. Bf4 Bg7 4. e3 c5 5. c3 b6 6. Nbd2 O-O 7. Bd3 Ba6 8. Bxa6
Nxa6 9. h3 d6 10. O-O Qd7 11. a4 Nc7 12. Qb3 h6 $6 13. Rfe1 Ne6 14. Bh2 cxd4
15. exd4 Rfb8 $6 16. Re2 $1 b5 17. a5 $1 Nh5 18. Rae1 Re8 19. Rxe6 $1 $40 fxe6
20. Qc2 $1 g5 21. Qg6 Nf6 (21... Nf4 22. Bxf4 gxf4 23. Rxe6 Rf8 24. Nh4 Rf6 25.
Rxf6 exf6 26. Ne4 Qf7 27. Qg4 $36) 22. h4 $1 Nh7 (22... g4 23. Bf4 $1 Rf8 24.
Bxh6 Rf7 25. Ng5) 23. Be5 $1 $18 Nf6 24. hxg5 hxg5 25. Nxg5 dxe5 26. Qf7+ Kh8
27. Re3 {Bonita partida de ataque del gran talento andaluz, al estilo del
joven Capablanca: ajedrez lógico, sencillo, directo y salpicado de "pequeñas
combinaciones".} 1-0

[Event "VIII Torneo Int. Ciudad de Las Palmas"]
[Site "Las Palmas"]
[Date "1979.07.27"]
[Round "3"]
[White "Rodriguez Vargas, Orestes"]
[Black "Csom, Istvan"]
[Result "1/2-1/2"]
[WhiteElo "2495"]
[BlackElo "2510"]
[PlyCount "27"]
[EventDate "1979.??.??"]

1. d4 Nf6 2. c4 e6 3. Nf3 b6 4. g3 Ba6 5. Qc2 c5 6. d5 exd5 7. cxd5 g6 8. Bf4
d6 9. Nc3 Bg7 10. Bg2 O-O 11. O-O Qe7 12. Rfe1 Nbd7 13. Rad1 b5 14. e4 1/2-1/2

[Event "VIII Torneo Int. Ciudad de Las Palmas"]
[Site "Las Palmas"]
[Date "1979.07.27"]
[Round "3"]
[White "Suba, Mihai"]
[Black "Sanz Alonso, Francisco Javier"]
[Result "1-0"]
[WhiteElo "2435"]
[BlackElo "2390"]
[PlyCount "83"]
[EventDate "1979.??.??"]

1. c4 c5 2. Nc3 Nf6 3. Nf3 e6 4. g3 d5 5. cxd5 exd5 6. d4 Nc6 7. Bg2 Be7 8. O-O
O-O 9. Bg5 c4 10. Ne5 Be6 11. b3 cxb3 12. Nxc6 bxc6 13. axb3 Nd7 14. Bxe7 Qxe7
15. Ra6 Nb6 16. Qd3 Qb4 17. Na2 Qd6 18. Rc1 Rfc8 19. Qc3 Rc7 20. Nb4 Rac8 21.
Nd3 Bf5 22. Nc5 Nd7 23. Ra5 Nf6 24. Rca1 Qe7 25. e3 h5 26. f3 Re8 27. e4 dxe4
28. Na6 exf3 29. Nxc7 Qxc7 30. Bxf3 Be4 31. Rxa7 Qd6 32. Qc4 Re6 33. Bxe4 Nxe4
34. Rf1 Ng5 35. Ra8+ Kh7 36. Qd3+ Rg6 37. Rf5 Qe7 38. h4 Qe1+ 39. Kg2 Ne4 40.
Rxh5+ Rh6 41. Rxh6+ Kxh6 42. Ra2 1-0